00689cam a22002293a 45000010005000000030006000050050017000110080041000280400015000690420007000840500007000911000032000982450122001302600029002525060030002815160020003116530020003316530018003516530021003698300028003908560041004189612PGUSA20140828083214.0060101s2006||||xxu|||||s|||||000 p eng d aPGUSAbeng adc 4aPR1 aDarwin, Erasmus,d1731-180214aThe Botanic Garden :bA Poem in Two Parts. Part 1: the Economy of Vegetationh[electronic resource] /cErasmus Darwin bProject Gutenberg,c2006 aPublic domain in the USA. aElectronic text aNatural history aPortland Vase aPlants -- Poetry 0aProject Gutenbergv961240uhttp://www.gutenberg.org/ebooks/9612